Plus Grandes Villes de France par Lettre - E - Statistiques

Statistiques générales
  • Ce quiz a été pris 319 fois
  • Le résultat moyen est 6 sur 20
Réponses sur la Carte
Les réponses sont colorées sur une échelle allant du rouge au vert en fonction du pourcentage des utilisateurs qui les ont devinées à leur premier essai. Vous pouvez retrouver ces pourcentages ci-dessous.
 
Statistiques - réponses
Population Ville % Correct
47 289 Évreux
84%
66 177 Évry-Courcouronnes
84%
32 285 Épinal
67%
36 849 Échirolles
53%
22 001 Épernay
52%
26 529 Étampes
52%
53 489 Épinay-sur-Seine
29%
26 082 Élancourt
23%
11 440 Enghien-les-Bains
20%
25 373 Eaubonne
19%
10 930 Étaples
18%
28 987 Ermont
17%
15 951 Elbeuf
16%
18 361 Écully
13%
24 374 Eysines
13%
18 468 Éragny
11%
10 760 Épinay-sur-Orge
9%
10 887 Erstein
9%
13 836 L'{Étang}-{Salé}
6%
11 869 Épinay-sous-Sénart
5%
Aucun quiz correspondant
Distribution des résultats
% des personnes avec chaque résultat
Percentile par nombre de réponses
Votre historique - résultats
Vous n’avez pas pris ce quiz